[Event "AUTO-OPEN-3703"]
[Site "http://www.queenalice.com/game.php?id=1440686"]
[Date "2016.9.11"]
[Round "1"]
[White "ulisses67"]
[Black "txukahamae"]
[Result "0-1"]
[WhiteElo "1570"]
[BlackElo "1848"]

1. e4 c6 2. d4 d5 3. Nc3 dxe4 4. Nxe4 Bf5 5. Nc5 Qb6 6. a4 e6 7. a5 Qc7 8. Qf3
Bxc5 9. dxc5 Bxc2 10. b4 Qe5+ 11. Be2 Nf6 12. Ra2 Be4 13. Qh3 Na6 14. Bb2 Qd5
15. Bxf6 Qxa2 16. Bxg7 Qb1+ 17. Bd1 Bc2 18. Qf3 Rd8 0-1

[Event "AUTO-OPEN-3703"]
[Site "http://www.queenalice.com/game.php?id=1440687"]
[Date "2016.9.11"]
[Round "1"]
[White "txukahamae"]
[Black "ulisses67"]
[Result "0-1"]
[WhiteElo "1816"]
[BlackElo "1582"]

1. d4 d5 2. c4 dxc4 3. Nc3 Nc6 4. Nf3 e6 5. e3 Bd6 6. Bxc4 Na5 7. Bd3 Nf6 8. O-O
h6 9. e4 Ng4 10. h3 h5 11. e5 Bb4 12. Qa4+ Nc6 13. Bg5 f6 14. exf6 gxf6 15. Bd2
Nh6 16. Bg6+ Nf7 17. Bxf7+ Kxf7 18. a3 Bd6 0-1

[Event "AUTO-OPEN-3703"]
[Site "http://www.queenalice.com/game.php?id=1440698"]
[Date "2016.9.11"]
[Round "1"]
[White "txukahamae"]
[Black "pedrolopez"]
[Result "0-1"]
[WhiteElo "1768"]
[BlackElo "2347"]

1. d4 e6 2. c4 b6 3. Nf3 Bb7 4. e3 f5 5. Bd3 Nf6 6. Nbd2 Bb4 7. a3 Bxd2+ 8. Bxd2
O-O 9. O-O d6 10. h3 Nbd7 11. b4 Ne4 12. Bxe4 Bxe4 13. Bc3 Qe7 14. d5 exd5 15.
cxd5 Qf7 16. Qd4 Bxf3 0-1

[Event "AUTO-OPEN-3703"]
[Site "http://www.queenalice.com/game.php?id=1440699"]
[Date "2016.9.11"]
[Round "1"]
[White "pedrolopez"]
[Black "txukahamae"]
[Result "1-0"]
[WhiteElo "2314"]
[BlackElo "1918"]

1. b3 e5 2. Bb2 Nc6 3. e3 Bc5 4. d4 exd4 5. exd4 Be7 6. Nf3 Nf6 7. d5 Nb8 8. Qd4
c5 9. Qd2 d6 10. h3 Nbd7 11. Nc3 1-0

[Event "Let's Play Chess!"]
[Site "http://www.queenalice.com/game.php?id=1440764"]
[Date "2016.9.12"]
[Round "-"]
[White "walldi"]
[Black "txukahamae"]
[Result "0-1"]
[WhiteElo "1882"]
[BlackElo "1903"]

1. d4 f5 2. Bf4 Nf6 3. e3 g6 4. h4 d6 5. h5 Nxh5 6. Rxh5 gxh5 7. Qxh5+ Kd7 8.
Qxf5+ e6 9. Qb5+ Nc6 10. Nf3 a6 11. Qb3 Bg7 0-1

[Event "AUTO-ADV-3702"]
[Site "http://www.queenalice.com/game.php?id=1440807"]
[Date "2016.9.12"]
[Round "1"]
[White "italomachado"]
[Black "txukahamae"]
[Result "1-0"]
[WhiteElo "1609"]
[BlackElo "1791"]

1. e4 c6 2. Bc4 d5 3. exd5 cxd5 4. Bb3 Nf6 5. c4 dxc4 6. Bxc4 Bf5 7. Bb5+ Nbd7
8. Qf3 Be4 9. Qe2 e6 10. Nc3 Bg6 11. Nf3 Bb4 12. Na4 O-O 13. a3 Be7 14. d4 a6
15. Bd3 Bxd3 16. Qxd3 b5 17. Nc3 Nb6 18. O-O h6 19. Bd2 Nc4 20. Rab1 1-0

[Event "AUTO-ADV-3702"]
[Site "http://www.queenalice.com/game.php?id=1440808"]
[Date "2016.9.12"]
[Round "1"]
[White "txukahamae"]
[Black "italomachado"]
[Result "0-1"]
[WhiteElo "1853"]
[BlackElo "1586"]

1. f4 e6 2. Nc3 Qf6 3. g3 e5 4. fxe5 Qc6 5. Nf3 Bc5 6. e3 d6 7. exd6 cxd6 8. Bg2
Qd7 9. b3 Nf6 10. Bb2 Nh5 11. O-O Qe7 12. Kh1 Qf6 13. Rb1 Qh6 14. Qe1 d5 15.
Nxd5 Bd6 16. Kg1 O-O 17. Be5 Bc5 18. Nc7 f6 19. Bxf6 Rxf6 20. Nxa8 Bd6 0-1

[Event "AUTO-ADV-3702"]
[Site "http://www.queenalice.com/game.php?id=1440821"]
[Date "2016.9.12"]
[Round "1"]
[White "txukahamae"]
[Black "Mikalus"]
[Result "0-1"]
[WhiteElo "1900"]
[BlackElo "1931"]

1. f4 c5 2. Nf3 Nc6 3. g3 d5 4. Bg2 Nf6 5. O-O e6 6. d3 Be7 7. b3 O-O 8. Bb2 d4
9. Nbd2 Qc7 10. Re1 Ng4 0-1

[Event "AUTO-ADV-3702"]
[Site "http://www.queenalice.com/game.php?id=1440823"]
[Date "2016.9.12"]
[Round "1"]
[White "txukahamae"]
[Black "wiktormool"]
[Result "0-1"]
[WhiteElo "1766"]
[BlackElo "1977"]

1. f4 c5 2. Nf3 Nc6 3. g3 e6 4. Bg2 Nf6 5. O-O Nd4 6. b3 Nd5 7. Bb2 Qb6 8. Nc3
Nxc3 9. Bxc3 Nxf3+ 10. Bxf3 d5 11. Kh1 Bd7 12. e3 Bb5 13. Be2 Bc6 14. Bf3 O-O-O
15. a4 d4 16. Bxc6 Qxc6+ 0-1

[Event "AUTO-ADV-3702"]
[Site "http://www.queenalice.com/game.php?id=1440824"]
[Date "2016.9.12"]
[Round "1"]
[White "wiktormool"]
[Black "txukahamae"]
[Result "1-0"]
[WhiteElo "2012"]
[BlackElo "1762"]

1. c4 e5 2. Nc3 Bb4 3. Nd5 Bc5 4. e3 d6 5. b4 Bb6 6. Qf3 Be6 7. Nxb6 axb6 8.
Qxb7 Nd7 9. g3 Ngf6 10. Bg2 Rb8 11. Qa6 O-O 12. Nh3 h6 13. Bb2 Qc8 14. Qxc8
Rbxc8 15. Rc1 c5 16. b5 Ra8 17. Bxa8 1-0

[Event "AUTO-ADV-3578"]
[Site "http://www.queenalice.com/game.php?id=1442070"]
[Date "2016.9.20"]
[Round "3"]
[White "txukahamae"]
[Black "Bategoll"]
[Result "1/2-1/2"]
[WhiteElo "1760"]
[BlackElo "1756"]

1. d4 d5 2. c4 dxc4 3. Nf3 e6 4. Nc3 Nf6 5. e3 Be7 6. Bxc4 c6 7. O-O b5 8. Bd3
Nbd7 9. a3 a5 10. Bd2 Nb6 11. b3 Ba6 12. b4 a4 13. Ne4 O-O 14. Rc1 Nbd5 15.
Nxf6+ Bxf6 1/2-1/2